Diazoxide and dimethyl sulphoxide prevent cerebral hypoperfusion-related learning dysfunction and brain damage after carotid artery occlusion

Elmentve itt :
Bibliográfiai részletek
Szerzők: Farkas Eszter
Institoris Ádám
Domoki Ferenc
Mihály András
Luiten Paul G. M.
Bari Ferenc
Dokumentumtípus: Cikk
Megjelent: Elsevier 2004
Sorozat:BRAIN RESEARCH 1008 No. 2
doi:10.1016/j.brainres.2004.02.037

mtmt:1169717
Online Access:http://publicatio.bibl.u-szeged.hu/2711
LEADER 00914nab a2200253 i 4500
001 publ2711
005 20180723151640.0
008 130304s2004 hu o 0|| zxx d
022 |a 0006-8993 
024 7 |a 10.1016/j.brainres.2004.02.037  |2 doi 
024 7 |a 1169717  |2 mtmt 
040 |a SZTE Publicatio Repozitórium  |b hun 
041 |a zxx 
100 1 |a Farkas Eszter 
245 1 0 |a Diazoxide and dimethyl sulphoxide prevent cerebral hypoperfusion-related learning dysfunction and brain damage after carotid artery occlusion  |h [elektronikus dokumentum] /  |c  Farkas Eszter 
260 |a Elsevier  |c 2004 
300 |a 252-260 
490 0 |a BRAIN RESEARCH  |v 1008 No. 2 
700 0 1 |a Institoris Ádám  |e aut 
700 0 1 |a Domoki Ferenc  |e aut 
700 0 1 |a Mihály András  |e aut 
700 0 1 |a Luiten Paul G. M.  |e aut 
700 0 1 |a Bari Ferenc  |e aut 
856 4 0 |u http://publicatio.bibl.u-szeged.hu/2711/1/1169717.pdf  |z Dokumentum-elérés